[Event "VIII Floripa Chess Open 2022 - LIRA - m"]
[Site "Lira Tênis Clube - Florianó"]
[Date "2022.01.25"]
[Round "2.120"]
[White "Vera Villalba, Marcelo Amin"]
[Black "Cavalcante, Rodrigo Moreira"]
[Result "0-1"]
[WhiteElo "1132"]
[BlackElo "1918"]
[PlyCount "70"]
[EventDate "2022.01.24"]
[EventRounds "10"]
[EventCountry "BRA"]

1. d4 Nf6 2. Bf4 g6 3. Nf3 Bg7 4. e3 O-O 5. Nbd2 d6 6. Be2 Nc6 7. h3 Qe8 8. Bb5
a6 9. Bxc6 Qxc6 10. c3 b5 11. a3 Bb7 12. Rc1 Ne4 13. Rg1 Rfe8 14. Qb3 e5 15.
Nxe4 exf4 16. Nfg5 Rxe4 17. Qxf7+ Kh8 18. Nxe4 Rf8 19. d5 Qc4 20. Qe7 fxe3 21.
fxe3 Bxd5 22. Nd2 Qc6 23. Qg5 Re8 24. Nf1 Be4 25. Rd1 h6 26. Qg3 Kh7 27. Qf2
Rf8 28. Qd2 Be5 29. g4 Bf3 30. Rc1 Qc4 31. Rc2 Be4 32. Rc1 Bd3 33. Qg2 Bf6 34.
Qf2 Qe6 35. Qd2 Bh4+ 0-1

[Event "VIII Floripa Chess Open 2022 - LIRA - m"]
[Site "Lira Tênis Clube - Florianó"]
[Date "2022.01.25"]
[Round "2.121"]
[White "Teshima, Ricardo Yoshida"]
[Black "Sarda, Joao Sada"]
[Result "1-0"]
[WhiteElo "1913"]
[BlackElo "1285"]
[PlyCount "139"]
[EventDate "2022.01.24"]
[EventRounds "10"]
[EventCountry "BRA"]

1. Nf3 Nf6 2. b3 g6 3. Bb2 Bg7 4. e3 O-O 5. d4 d5 6. c4 c6 7. Bd3 Nbd7 8. Nc3
Re8 9. cxd5 cxd5 10. O-O e5 11. dxe5 Nxe5 12. Nxe5 Rxe5 13. Ne2 Re7 14. h3 Be6
15. Nd4 Rc8 16. Qf3 Ne8 17. Rad1 f5 18. Ba3 Nd6 19. Nb5 Be5 20. Bxd6 Bxd6 21.
Nxd6 Qxd6 22. Rd2 Rec7 23. Rfd1 Qe5 24. Qg3 Qxg3 25. fxg3 Kf7 26. Kf2 Kf6 27.
Be2 h5 28. Bf3 Rc2 29. Ke2 Ke5 30. Rxc2 Rxc2+ 31. Rd2 Rc3 32. Rd3 Rc2+ 33. Rd2
Rxd2+ 34. Kxd2 a5 35. Kc3 b5 36. a3 Kd6 37. Kd4 b4 38. axb4 axb4 39. Be2 Bd7
40. Bd3 g5 41. h4 gxh4 42. gxh4 Be6 43. Be2 Bf7 44. Bf3 Kc6 45. Be2 Kd6 46. Bb5
Bg6 47. Bd3 Bh7 48. g3 Bg6 49. Bc2 Bh7 50. Bd1 Bg6 51. Be2 Be8 52. Ba6 Bd7 53.
Bf1 Be8 54. Bg2 Bf7 55. Bf3 Kc6 56. Ke5 Kc5 57. Be2 Kc6 58. Bd3 d4 59. Kxd4
Bxb3 60. Bxf5 Ba2 61. Bg6 b3 62. Kc3 Kb5 63. Bxh5 Ka4 64. Kb2 Kb4 65. Bf7 Kc5
66. g4 Kd6 67. g5 Ke7 68. g6 Kf6 69. h5 Ke7 70. h6 1-0

[Event "VIII Floripa Chess Open 2022 - LIRA - m"]
[Site "Lira Tênis Clube - Florianó"]
[Date "2022.01.25"]
[Round "2.122"]
[White "De Souza, Sergio R. Rastoldo"]
[Black "Da Costa, Evelyn Maria Fuck"]
[Result "1-0"]
[WhiteElo "1910"]
[BlackElo "1227"]
[PlyCount "59"]
[EventDate "2022.01.24"]
[EventRounds "10"]
[EventCountry "BRA"]

1. e4 e5 2. Nf3 Nc6 3. d4 exd4 4. Bc4 d6 5. Nxd4 Nf6 6. Nc3 Be7 7. O-O O-O 8.
Re1 Bg4 9. f3 Nxd4 10. Qxd4 Be6 11. Nd5 Nxd5 12. exd5 Bf5 13. Bd3 Qd7 14. Bxf5
Qxf5 15. Rxe7 Qxc2 16. Bd2 Rfe8 17. Rc1 Qxc1+ 18. Bxc1 Rxe7 19. Bd2 a6 20. Bc3
f6 21. g4 Rae8 22. Kf2 Kf7 23. g5 Re5 24. gxf6 gxf6 25. Qh4 Re2+ 26. Kf1 R8e7
27. Qxh7+ Ke8 28. Qh8+ Kd7 29. Bxf6 Re8 30. Qh3+ 1-0

[Event "VIII Floripa Chess Open 2022 - LIRA - m"]
[Site "Lira Tênis Clube - Florianó"]
[Date "2022.01.25"]
[Round "2.124"]
[White "Cabral, Mauricio Balluta"]
[Black "Seccafim, Caic Dos Santos"]
[Result "0-1"]
[WhiteElo "1228"]
[BlackElo "1884"]
[PlyCount "70"]
[EventDate "2022.01.24"]
[EventRounds "10"]
[EventCountry "BRA"]

1. d4 Nf6 2. Bf4 g6 3. Nf3 Bg7 4. e3 O-O 5. Be2 d6 6. h3 b6 7. O-O Bb7 8. Nbd2
Re8 9. c4 Nbd7 10. Rc1 e5 11. Bh2 a5 12. a3 h6 13. Nb3 Ne4 14. Nfd2 Nxd2 15.
Qxd2 a4 16. Na1 Qg5 17. d5 Nc5 18. Rcd1 e4 19. Nc2 Nb3 20. Qb4 Bxb2 21. Nd4
Bxd4 22. exd4 e3 23. f4 Qf6 24. c5 dxc5 25. dxc5 Nxc5 26. f5 Re4 27. fxg6 Qxg6
28. Rd4 Bxd5 29. Rxe4 Bxe4 30. Bf3 e2 31. Rf2 Bxf3 32. Rxf3 Nd3 33. Rxd3 Qxd3
34. Qe1 Qe3+ 35. Kh1 Re8 0-1

[Event "VIII Floripa Chess Open 2022 - LIRA - m"]
[Site "Lira Tênis Clube - Florianó"]
[Date "2022.01.25"]
[Round "2.125"]
[White "Bail, Ellen Larissa"]
[Black "Rahn, Marlon Cristiano"]
[Result "1-0"]
[WhiteElo "1864"]
[BlackElo "1196"]
[PlyCount "49"]
[EventDate "2022.01.24"]
[EventRounds "10"]
[EventCountry "BRA"]

1. d4 b6 2. c4 Bb7 3. Nc3 e6 4. a3 Nf6 5. e3 Be7 6. Nf3 d6 7. Be2 Nbd7 8. O-O
c5 9. d5 exd5 10. cxd5 O-O 11. e4 Re8 12. Bf4 Nf8 13. Nd2 Ng6 14. Bg3 a6 15. a4
h6 16. f4 Bc8 17. Ra3 a5 18. e5 dxe5 19. fxe5 Nxd5 20. Nxd5 Ba6 21. Nxe7+ Rxe7
22. Bxa6 Rxa6 23. Nc4 Qc8 24. Rd3 Qg4 25. Qxg4 1-0

[Event "VIII Floripa Chess Open 2022 - LIRA - m"]
[Site "Lira Tênis Clube - Florianó"]
[Date "2022.01.25"]
[Round "2.126"]
[White "Hirota Da Silva, Nilton"]
[Black "Da Silva, Luiz Matheus"]
[Result "1/2-1/2"]
[WhiteElo "1853"]
[BlackElo "1815"]
[PlyCount "108"]
[EventDate "2022.01.24"]
[EventRounds "10"]
[EventCountry "BRA"]

1. Nc3 d5 2. e4 dxe4 3. Nxe4 Bf5 4. Ng3 Bg6 5. Nf3 Nf6 6. Bc4 e6 7. O-O Be7 8.
Re1 O-O 9. d4 c5 10. c3 Nc6 11. Be3 Ng4 12. Qe2 Nxe3 13. fxe3 a6 14. Rad1 Qc7
15. Bd3 Bd6 16. Bxg6 hxg6 17. Ne4 cxd4 18. Nxd6 Qxd6 19. exd4 b5 20. Qe4 Ne7
21. a3 Qd5 22. Qh4 Nf5 23. Qf4 f6 24. h4 Nd6 25. Qg3 Kf7 26. Rf1 Nf5 27. Qe1
Rh8 28. g4 Nxh4 29. Nxh4 Qg5 30. Nf3 Qxg4+ 31. Kf2 Rh3 32. Rd3 Rah8 33. Ke2
Rh2+ 34. Kd1 Rxb2 35. Kc1 Qg2 36. Rd2 Rxd2 37. Nxd2 Rh3 38. Kc2 Qc6 39. Ne4 Kg8
40. Rf2 Qc4 41. Kb2 a5 42. Qf1 Rd3 43. Rf3 Rxf3 44. Qxf3 b4 45. axb4 axb4 46.
Qg3 bxc3+ 47. Kc2 e5 48. Nxf6+ gxf6 49. Qxg6+ Kh8 50. Qxf6+ Kh7 51. dxe5 Qd4
52. Qe7+ Kg8 53. Qe8+ Kg7 54. Qe7+ Kg8 1/2-1/2

[Event "VIII Floripa Chess Open 2022 - LIRA - m"]
[Site "Lira Tênis Clube - Florianó"]
[Date "2022.01.25"]
[Round "2.127"]
[White "Luz, Jhonatan Rodrigues "]
[Black "Votri, Enzo"]
[Result "1-0"]
[WhiteElo "1845"]
[BlackElo "1791"]
[PlyCount "89"]
[EventDate "2022.01.24"]
[EventRounds "10"]
[EventCountry "BRA"]

1. e4 e5 2. Nf3 Nc6 3. d4 d6 4. dxe5 dxe5 5. Qxd8+ Kxd8 6. Bc4 Nf6 7. Bg5 Be7
8. Nc3 h6 9. Bxf6 Bxf6 10. Bxf7 Ke7 11. Bc4 Bg4 12. Nd5+ Kf8 13. h3 Bh5 14.
Nxc7 Rc8 15. Nd5 Bf7 16. O-O-O g5 17. Nxf6 Bxc4 18. Nd7+ Ke7 19. Ndxe5 Nxe5 20.
Nxe5 Be6 21. Ng6+ Kf7 22. Nxh8+ Rxh8 23. Rd6 Re8 24. f3 Bxa2 25. b3 Re6 26.
Rxe6 Kxe6 27. Kb2 a5 28. Kxa2 b5 29. Rd1 a4 30. Rd5 axb3+ 31. Kxb3 h5 32. Rxg5
h4 33. Rxb5 Kd6 34. Rh5 Ke6 35. Rxh4 Kf6 36. Rh5 Kg6 37. Rf5 Kh6 38. c4 Kg6 39.
c5 Kh6 40. c6 Kg6 41. c7 Kh6 42. c8=Q Kg6 43. Qe6+ Kg7 44. Rf7+ Kg8 45. Qe8#
1-0

[Event "VIII Floripa Chess Open 2022 - LIRA - m"]
[Site "Lira Tênis Clube - Florianó"]
[Date "2022.01.25"]
[Round "2.129"]
[White "Duarte, Giovanna Torqui"]
[Black "Mees, Gabriel Ferreira"]
[Result "0-1"]
[WhiteElo "1523"]
[BlackElo "1796"]
[PlyCount "82"]
[EventDate "2022.01.24"]
[EventRounds "10"]
[EventCountry "BRA"]

1. d4 d5 2. Bf4 Nf6 3. e3 a6 4. Bd3 Nc6 5. c3 Bg4 6. f3 Bh5 7. g4 Bg6 8. Bxg6
hxg6 9. Qc2 e6 10. Nd2 Bd6 11. Bxd6 Qxd6 12. Nf1 g5 13. h3 Ne7 14. Qh2 Qb6 15.
b3 a5 16. Qe2 Ng6 17. c4 c5 18. dxc5 Qxc5 19. Rc1 b5 20. Nd2 dxc4 21. bxc4 Ne5
22. Nb3 Qb4+ 23. Qd2 Nd3+ 24. Kd1 Qxd2+ 25. Kxd2 Nxc1 26. Nxc1 bxc4 27. Kc3
Nd5+ 28. Kd2 Rb8 29. a4 Rb2+ 30. Ke1 Nxe3 31. Nge2 Ng2+ 32. Kd1 Ke7 33. Rh2
Rd8+ 34. Nd3 Rxd3+ 35. Kc1 Rxe2 36. Rh1 Re1+ 37. Rxe1 Nxe1 38. Kb2 c3+ 39. Ka2
c2 40. h4 c1=Q 41. hxg5 Ra3# 0-1

[Event "VIII Floripa Chess Open 2022 - LIRA - m"]
[Site "Lira Tênis Clube - Florianó"]
[Date "2022.01.25"]
[Round "2.138"]
[White "Do Valle Cardoso, Lucas"]
[Black "De Sousa, Elizeu Santiago Tav"]
[Result "1-0"]
[WhiteElo "2214"]
[BlackElo "1428"]
[PlyCount "57"]
[EventDate "2022.01.24"]
[EventRounds "10"]
[EventCountry "BRA"]

1. e4 c5 2. Nf3 d6 3. d4 cxd4 4. Nxd4 Nf6 5. Nc3 g6 6. Be3 Bg7 7. f3 O-O 8. Qd2
Nc6 9. O-O-O Bd7 10. Kb1 Rc8 11. h4 h5 12. Bh6 Nxd4 13. Bxg7 Kxg7 14. Qxd4 Kg8
15. Qxa7 Ra8 16. Qd4 Qa5 17. Bc4 b5 18. Bb3 b4 19. Nd5 Nxd5 20. Bxd5 Ra7 21. g4
Rc8 22. gxh5 Rac7 23. hxg6 Be6 24. gxf7+ Kxf7 25. Rhg1 Bxd5 26. exd5 Rxc2 27.
Qf4+ Ke8 28. Rg8+ Kd7 29. Qf5+ 1-0

[Event "VIII Floripa Chess Open 2022 - LIRA - m"]
[Site "Lira Tênis Clube - Florianó"]
[Date "2022.01.25"]
[Round "2.139"]
[White "Torres, Federico"]
[Black "Da Silva, Joao Fernandes"]
[Result "1-0"]
[WhiteElo "2170"]
[BlackElo "1414"]
[PlyCount "77"]
[EventDate "2022.01.24"]
[EventRounds "10"]
[EventCountry "BRA"]

1. e4 e5 2. Nc3 Nc6 3. g3 Nf6 4. Bg2 Be7 5. Nge2 d6 6. O-O O-O 7. h3 Re8 8. f4
Bf8 9. d3 Ne7 10. g4 exf4 11. Nxf4 h6 12. Qf3 Nc6 13. Nfd5 Re6 14. Qf2 Qd7 15.
g5 hxg5 16. Bxg5 Nh7 17. Be3 Rg6 18. Nf4 Rf6 19. Ncd5 Qd8 20. Nxf6+ Qxf6 21.
Nd5 Qxf2+ 22. Rxf2 Bd7 23. Nxc7 Rc8 24. Nd5 b6 25. a4 Ne7 26. Nxe7+ Bxe7 27. a5
Bh4 28. Rd2 Ng5 29. axb6 axb6 30. Ra7 Bxh3 31. Bxg5 Bxg5 32. Bxh3 Rc5 33. Rg2
Be3+ 34. Kf1 Rh5 35. Bg4 Rh1+ 36. Ke2 Bd4 37. c3 Bf6 38. d4 Rb1 39. Kd3 1-0

[Event "VIII Floripa Chess Open 2022 - LIRA - m"]
[Site "Lira Tênis Clube - Florianó"]
[Date "2022.01.25"]
[Round "2.140"]
[White "Dianda, Joao Carlos"]
[Black "Rodrigues Mota, Sophia Lorena"]
[Result "1-0"]
[WhiteElo "2117"]
[BlackElo "1408"]
[PlyCount "69"]
[EventDate "2022.01.24"]
[EventRounds "10"]
[EventCountry "BRA"]

1. d4 Nf6 2. c4 g6 3. Nc3 Bg7 4. e4 d6 5. h3 O-O 6. Bg5 Nbd7 7. Nf3 b6 8. Bd3
e5 9. d5 Nc5 10. Bc2 a5 11. Qd2 Ba6 12. b3 Qd7 13. a3 b5 14. b4 axb4 15. axb4
Nb7 16. O-O c5 17. dxc6 Qxc6 18. Nd5 Nxd5 19. cxd5 Qd7 20. Ra2 Nd8 21. Rfa1 Qc8
22. Be7 Re8 23. Bxd6 Bb7 24. Bd3 Rxa2 25. Qxa2 Qd7 26. Bc5 f5 27. Qa5 fxe4 28.
Bxb5 Qf7 29. Ng5 Qf5 30. Bxe8 Qxg5 31. Qc7 Bxd5 32. Be7 Bf6 33. Qxd8 Bxe7 34.
Qxd5+ Kf8 35. Qf7# 1-0

[Event "VIII Floripa Chess Open 2022 - LIRA - m"]
[Site "Lira Tênis Clube - Florianó"]
[Date "2022.01.25"]
[Round "2.141"]
[White "Koinski, Carlos Cesar"]
[Black "Mariani, Daniel Brandao"]
[Result "0-1"]
[WhiteElo "1431"]
[BlackElo "2047"]
[PlyCount "76"]
[EventDate "2022.01.24"]
[EventRounds "10"]
[EventCountry "BRA"]

1. c4 e6 2. d4 d5 3. cxd5 exd5 4. Nc3 c6 5. Nf3 Bf5 6. e3 Nf6 7. Be2 Bd6 8. Bd2
Nbd7 9. a3 O-O 10. h3 Re8 11. Bc1 Qe7 12. Bd3 Ne4 13. Qc2 Rac8 14. O-O Bg6 15.
b4 Bb8 16. Bb2 Qd6 17. Ne2 Ng5 18. Nf4 Nxf3+ 19. gxf3 Bxd3 20. Qxd3 g5 21. Qf5
Re6 22. Kh1 gxf4 23. Rg1+ Rg6 24. Rxg6+ hxg6 25. Qg5 fxe3 26. Qg2 e2 27. Re1
Re8 28. Bc1 Kg7 29. Be3 Nf6 30. Rxe2 Rh8 31. Bg5 Qd7 32. h4 Qf5 33. Kg1 Bf4 34.
Bxf4 Qxf4 35. Qg3 Qxd4 36. Kg2 Rxh4 37. Re3 Rh5 38. Kg1 Qd1+ 0-1

[Event "VIII Floripa Chess Open 2022 - LIRA - m"]
[Site "Lira Tênis Clube - Florianó"]
[Date "2022.01.25"]
[Round "2.142"]
[White "Nejanky, Maisa"]
[Black "De Lima, Lucas Taveira"]
[Result "1/2-1/2"]
[WhiteElo "1948"]
[BlackElo "1397"]
[PlyCount "115"]
[EventDate "2022.01.24"]
[EventRounds "10"]
[EventCountry "BRA"]

1. e4 e5 2. Nf3 Nc6 3. d4 exd4 4. Nxd4 Be7 5. Nc3 d6 6. Be3 Nf6 7. Be2 O-O 8.
O-O Re8 9. f4 Bf8 10. Nxc6 bxc6 11. Bf3 Bd7 12. Qd3 a5 13. h3 h5 14. Bd4 g6 15.
e5 Nh7 16. Rad1 d5 17. Bf2 Bf5 18. Qd2 Rb8 19. g4 hxg4 20. hxg4 Be6 21. Na4 Qc8
22. g5 Rb4 23. b3 Bh3 24. Rfe1 Qf5 25. Be3 Nxg5 26. Bh1 Qg4+ 27. Kh2 Nf3+ 28.
Bxf3 Qxf3 29. Rg1 Bg4 30. Rg3 Qxd1 31. Qg2 Bf5 32. c3 Be4 33. Qg1 Qh5+ 34. Rh3
Qe2+ 35. Bf2 Rxa4 36. Re3 Qxe3 37. Bxe3 Rxa2+ 38. Kh3 Rg2 39. Qa1 Be7 40. f5 g5
41. f6 g4+ 42. Kh4 Kh7 43. fxe7 Kg6 44. Bh6 Rxe7 45. Bf4 Re8 46. Bg3 Rh8+ 47.
Kxg4 Rh5 48. Qc1 Rxe5 49. Qf4 Rh5 50. Qe3 f6 51. c4 Rg5+ 52. Kh4 R2xg3 53. Qe2
Bf5 54. Qe8+ Kh6 55. Qf8+ Kh7 56. Qf7+ Rg7 57. Qh5+ Kg8 58. Qe8+ 1/2-1/2

[Event "VIII Floripa Chess Open 2022 - LIRA - m"]
[Site "Lira Tênis Clube - Florianó"]
[Date "2022.01.25"]
[Round "2.143"]
[White "Costa Neto, Luis Antonio"]
[Black "Lima, Carlos Eduardo I De"]
[Result "0-1"]
[WhiteElo "1422"]
[BlackElo "1938"]
[PlyCount "74"]
[EventDate "2022.01.24"]
[EventRounds "10"]
[EventCountry "BRA"]

1. c4 c6 2. Nc3 Nf6 3. d4 d5 4. b3 Bf5 5. Ba3 Qa5 6. Qc1 dxc4 7. bxc4 Ne4 8.
Bb2 e5 9. f3 Nxc3 10. Bxc3 Bb4 11. Bxb4 Qxb4+ 12. Qd2 Qxd2+ 13. Kxd2 exd4 14.
g4 Be6 15. e3 dxe3+ 16. Kxe3 Nd7 17. Nh3 O-O-O 18. Nf4 Rhe8 19. Kf2 Nc5 20. Be2
g5 21. Nh5 Rd2 22. Rad1 Rxe2+ 23. Kxe2 Bxg4+ 24. Kf2 Bxh5 25. Rhg1 h6 26. Rd6
Bg6 27. Rg4 Nd3+ 28. Kg3 Re1 29. h4 Rg1+ 30. Kh2 Rxg4 31. fxg4 gxh4 32. Kh3 Ne5
33. c5 Nd3 34. Rxd3 Bxd3 35. Kxh4 Bg6 36. a4 b6 37. cxb6 axb6 0-1

[Event "VIII Floripa Chess Open 2022 - LIRA - m"]
[Site "Lira Tênis Clube - Florianó"]
[Date "2022.01.25"]
[Round "2.144"]
[White "Marocco, Gabriel Leao Quadro"]
[Black "Leao, Cintia Rocha"]
[Result "0-1"]
[WhiteElo "1410"]
[BlackElo "1926"]
[PlyCount "72"]
[EventDate "2022.01.24"]
[EventRounds "10"]
[EventCountry "BRA"]

1. e4 e5 2. Nf3 Nc6 3. Bc4 Bc5 4. c3 Nf6 5. d3 d6 6. Bb3 Bg4 7. h3 Bh5 8. Nbd2
a5 9. Nf1 Bb6 10. Ng3 Bg6 11. O-O Nh5 12. Ne2 O-O 13. Bg5 Qd7 14. Nh4 Kh8 15.
Nxg6+ fxg6 16. Be3 Bxe3 17. fxe3 Qe7 18. Qd2 Qh4 19. Rf7 Rxf7 20. Bxf7 Qe7 21.
Rf1 Rf8 22. Bd5 Rxf1+ 23. Kxf1 Nd8 24. Qd1 Nf6 25. Bb3 Ne6 26. a3 Nc5 27. Bc2
Qf7 28. Kg1 Qa2 29. Qb1 Qxb1+ 30. Bxb1 g5 31. b4 axb4 32. axb4 Na4 33. g4 g6
34. Kg2 Kg7 35. d4 Nb2 36. Bc2 Nc4 {IlegÃƒÂ­vel (41 lances)} 0-1

[Event "VIII Floripa Chess Open 2022 - LIRA - m"]
[Site "Lira Tênis Clube - Florianó"]
[Date "2022.01.25"]
[Round "2.145"]
[White "Pavao, Wilson"]
[Black "Carvalho, Cleber Del Castillo"]
[Result "0-1"]
[WhiteElo "1388"]
[BlackElo "1901"]
[PlyCount "113"]
[EventDate "2022.01.24"]
[EventRounds "10"]
[EventCountry "BRA"]

1. c4 e5 2. Nc3 Nf6 3. g3 d5 4. cxd5 Nxd5 5. Bg2 Nb6 6. Nf3 Nc6 7. O-O Be7 8.
b3 O-O 9. Bb2 Bf5 10. d3 Qd7 11. Re1 Bh3 12. Bh1 f5 13. e3 Rad8 14. d4 e4 15.
Nd2 Qe6 16. a3 h5 17. b4 Rf7 18. Qe2 h4 19. f4 Bf6 20. Qf2 Nxd4 21. Ndxe4 fxe4
22. Nxe4 Nb3 23. Nxf6+ gxf6 24. Rad1 Rfd7 25. Bf3 Nd2 26. Bd4 Ne4 27. Qc2 f5
28. Bxe4 fxe4 29. Rc1 hxg3 30. hxg3 Qg6 31. Qa2+ Be6 32. Qg2 Bg4 33. Qa2+ Nd5
34. Kf2 c6 35. Rh1 Rh7 36. Rcg1 Rdd7 37. Ke1 Bf3 38. Rxh7 Rxh7 39. b5 Rh1 40.
Rxh1 Qxg3+ 41. Qf2 Qxf2+ 42. Kxf2 Bxh1 43. bxc6 bxc6 44. Bxa7 Nc3 45. Bd4 Na4
46. Ke2 Bf3+ 47. Kd2 c5 48. Be5 Kf7 49. Kc2 c4 50. Bd4 Ke6 51. Bc3 Be2 52. Bd4
Bg4 53. Be5 Kd5 54. Bd4 Kc6 55. Bf6 Kb5 56. Bd4 Bd7 57. Be5 {IlegÃƒÂ­vel 
(75 lances)} 0-1

[Event "VIII Floripa Chess Open 2022 - LIRA - m"]
[Site "Lira Tênis Clube - Florianó"]
[Date "2022.01.25"]
[Round "2.146"]
[White "Elesbao, Bernardo Dartora"]
[Black "Moyses Sobrinho, Elias"]
[Result "1-0"]
[WhiteElo "1385"]
[BlackElo "1875"]
[PlyCount "153"]
[EventDate "2022.01.24"]
[EventRounds "10"]
[EventCountry "BRA"]

1. Nf3 Nf6 2. b3 g6 3. Bb2 Bg7 4. g3 b6 5. Bg2 Bb7 6. O-O O-O 7. c4 c5 8. d3
Nc6 9. Nbd2 d5 10. cxd5 Nxd5 11. Bxg7 Kxg7 12. Qc2 e5 13. Qb2 f6 14. Rfd1 Nd4
15. Nxd4 cxd4 16. Qa3 Qd7 17. Ne4 Rfd8 18. Rac1 f5 19. Ng5 h6 20. Bxd5 Bxd5 21.
Nf3 Bxf3 22. exf3 Rac8 23. Rxc8 Rxc8 24. Rc1 Rc3 25. Re1 Qc7 26. Qa4 Rc1 27.
Rxc1 Qxc1+ 28. Kg2 Qc7 29. Qe8 g5 30. Qe6 f4 31. g4 Kh7 32. Qf6 Qg7 33. Qf5+
Kg8 34. Qc8+ Kh7 35. Qb8 Qe7 36. b4 Qxb4 37. Qxe5 Qc5 38. Qe4+ Kg7 39. Qb7+ Kg8
40. Qxa7 Qb5 41. Qb7 Qxd3 42. Qxb6 Kg7 43. Qb7+ Kf8 44. Qb4+ Ke8 45. a4 Qc3 46.
Qb5+ Kd8 47. a5 d3 48. a6 d2 49. Qd5+ Kc7 50. a7 d1=Q 51. Qxd1 Kb7 52. Qd7+ Ka8
53. Qe7 Qa5 54. Qf8+ Kxa7 55. Qxh6 Kb7 56. Qh5 Qd8 57. Qf7+ Kc6 58. Qf5 Qg8 59.
h4 gxh4 60. g5 Qh8 61. Qf6+ Qxf6 62. gxf6 Kd6 63. f7 Ke7 64. Kh3 Kxf7 65. Kxh4
Kg6 66. Kg4 Kg7 67. Kxf4 Kf6 68. Ke4 Ke6 69. f4 Kf6 70. f5 Kf7 71. Ke5 Ke7 72.
f6+ Kf7 73. Kf5 Kf8 74. Ke6 Ke8 75. f7+ Kf8 76. f4 Kg7 77. Ke7 1-0

[Event "VIII Floripa Chess Open 2022 - LIRA - m"]
[Site "Lira Tênis Clube - Florianó"]
[Date "2022.01.25"]
[Round "2.147"]
[White "Fernandini, Felipe Piacente"]
[Black "Rodrigues, Nei Jorge"]
[Result "0-1"]
[WhiteElo "1385"]
[BlackElo "1858"]
[PlyCount "68"]
[EventDate "2022.01.24"]
[EventRounds "10"]
[EventCountry "BRA"]

1. e4 d6 2. d4 g6 3. Nf3 Bg7 4. Nc3 c6 5. Bf4 b5 6. e5 d5 7. Bd3 Qb6 8. O-O Nh6
9. h3 O-O 10. Ne2 Na6 11. c3 f6 12. Qc1 Nf7 13. exf6 exf6 14. Ng3 Re8 15. Re1
Bd7 16. Qc2 c5 17. dxc5 Nxc5 18. Be3 Qc7 19. Bf1 Ne4 20. Nxe4 dxe4 21. Nd4 a6
22. c4 f5 23. cxb5 Qxc2 24. Nxc2 Bxb5 25. Rab1 Red8 26. b3 Ne5 27. a4 Bd3 28.
Bxd3 Nxd3 29. Red1 f4 30. Bd2 Nb2 31. Kf1 Nxd1 32. Rxd1 Rac8 33. Ne1 e3 34.
fxe3 fxe3 0-1

[Event "VIII Floripa Chess Open 2022 - LIRA - m"]
[Site "Lira Tênis Clube - Florianó"]
[Date "2022.01.25"]
[Round "2.148"]
[White "Pimentel, Lucas Dos Santos"]
[Black "Baeta, Marcio Netto"]
[Result "0-1"]
[WhiteElo "1365"]
[BlackElo "1831"]
[PlyCount "96"]
[EventDate "2022.01.24"]
[EventRounds "10"]
[EventCountry "BRA"]

1. Nf3 Nf6 2. g3 g6 3. Bg2 Bg7 4. O-O O-O 5. c4 d5 6. cxd5 Nxd5 7. Nc3 c5 8.
Qb3 Nb4 9. a3 Be6 10. Qd1 Nd5 11. Ng5 Nc6 12. Nxe6 fxe6 13. Ne4 b6 14. d3 Nd4
15. e3 Nc6 16. Ng5 Qd6 17. Qb3 Rad8 18. Bh3 Rf6 19. Ne4 Qd7 20. Nxf6+ exf6 21.
e4 Nd4 22. Qxd5 exd5 23. Bxd7 Rxd7 24. f4 dxe4 25. dxe4 Re7 26. b4 Rxe4 27. Bb2
f5 28. Kh1 Re2 29. Bxd4 Bxd4 30. Rad1 Ra2 31. Rf3 Kf7 32. bxc5 bxc5 33. Rb1 Ke6
34. Rb7 c4 35. Rxh7 c3 36. Rxc3 Bxc3 37. Rxa7 Kd5 38. Re7 Rxa3 39. Re2 Rb3 40.
Kg2 Rb2 41. Rxb2 Bxb2 42. Kf3 Bf6 43. g4 Bh4 44. gxf5 gxf5 45. Ke2 Ke4 46. Kf1
Kxf4 47. h3 Kf3 48. Kg1 Ke2 0-1

[Event "VIII Floripa Chess Open 2022 - LIRA - m"]
[Site "Lira Tênis Clube - Florianó"]
[Date "2022.01.25"]
[Round "2.149"]
[White "Bokhonok, Tatiana Dos Santos "]
[Black "De Oliveira, Marlon Joshua"]
[Result "0-1"]
[WhiteElo "1359"]
[BlackElo "1824"]
[PlyCount "94"]
[EventDate "2022.01.24"]
[EventRounds "10"]
[EventCountry "BRA"]

1. d4 Nf6 2. Bf4 d5 3. e3 c5 4. c3 Nc6 5. Nd2 e6 6. Ngf3 Bd6 7. Bg3 a6 8. a4
Bxg3 9. hxg3 Qb6 10. Qc2 Bd7 11. Be2 Rc8 12. Ne5 cxd4 13. Nxd7 Kxd7 14. a5 Qa7
15. cxd4 Nxd4 16. Qa4+ Nc6 17. O-O Qc5 18. Rfc1 Qb4 19. Nb3 Ne4 20. Bf3 Qxa4
21. Rxa4 Nd6 22. Nc5+ Ke7 23. b3 Ne5 24. Be2 Ne4 25. b4 Nxc5 26. bxc5 Nd7 27.
c6 Rxc6 28. Rxc6 bxc6 29. Rb4 Rb8 30. Rxb8 Nxb8 31. Kf1 c5 32. Ke1 c4 33. e4
Nc6 34. f4 Kd6 35. Kd2 Nxa5 36. Kc3 Kc5 37. f5 d4+ 38. Kb2 d3 39. Bd1 Kd4 40.
g4 c3+ 41. Kc1 Nc4 42. g5 d2+ 43. Kb1 Na3+ 44. Ka2 c2 45. fxe6 c1=Q 46. e7 Kc3
47. e8=Q Qb2# 0-1

[Event "VIII Floripa Chess Open 2022 - LIRA - m"]
[Site "Lira Tênis Clube - Florianó"]
[Date "2022.01.25"]
[Round "2.150"]
[White "Da Costa, Mariana Nara Santan"]
[Black "Martins De Aguiar, Marina"]
[Result "0-1"]
[WhiteElo "1351"]
[BlackElo "1793"]
[PlyCount "148"]
[EventDate "2022.01.24"]
[EventRounds "10"]
[EventCountry "BRA"]

1. d4 Nf6 2. c4 g6 3. Nc3 Bg7 4. Bg5 O-O 5. e3 d6 6. Nf3 Nbd7 7. Be2 c5 8. O-O
b6 9. Rc1 Bb7 10. Qc2 cxd4 11. Nxd4 Rc8 12. Rfd1 Nc5 13. Bf3 Bxf3 14. Nxf3 Ne6
15. Bxf6 Bxf6 16. Nd5 Bg7 17. b3 Nc7 18. Nxc7 Qxc7 19. Nd4 a6 20. h3 Qb7 21.
Qe2 Rc5 22. Qd3 Rg5 23. Qf1 Qe4 24. Kh1 Rc8 25. Nf3 Rh5 26. Rd5 Rc5 27. Rxh5
Rxh5 28. Kg1 a5 29. Rd1 Qc2 30. Rd2 Qe4 31. Qd3 Qc6 32. Nd4 Qb7 33. Qe2 a4 34.
Qf3 Qxf3 35. Nxf3 axb3 36. axb3 Ra5 37. Rd5 Kf8 38. Rxa5 bxa5 39. Nd4 Ke8 40.
Kf1 Kd7 41. Ke2 Kc7 42. Kd3 Kb6 43. Nf3 Bf6 44. Nd4 Kc5 45. Nb5 d5 46. Na3 Kb4
47. Nc2+ Kxb3 48. cxd5 a4 49. f4 a3 50. e4 Bb2 51. e5 a2 52. d6 exd6 53. exd6
a1=Q 54. Nxa1+ Bxa1 55. d7 Bf6 56. g4 h6 57. g5 hxg5 58. fxg5 Bxg5 59. Kd4 Kb4
60. Kd5 Kb5 61. d8=Q Bxd8 62. Ke5 Kc5 63. Kf4 Kd4 64. Kf3 Ke5 65. Ke3 Kf5 66.
Kf3 Kg5 67. Kg3 Bc7+ 68. Kf2 Kh4 69. Kg2 g5 70. Kg1 Kxh3 71. Kh1 g4 72. Kg1 g3
73. Kh1 g2+ 74. Kg1 Bb6# 0-1